Ensayo de una tipografía complutense / (Record no. 54923)

MARC details
000 -LEADER
campo de control de longitud fija 01049nam a2200253 i 4500
001 - NÚMERO DE CONTROL
campo de control 54923
003 - IDENTIFICADOR DE NÚMERO DE CONTROL
campo de control ES-MaACL
005 - FECHA Y HORA DE LA ÚLTIMA TRANSACCIÓN
campo de control 20250804063405.0
007 - CAMPO FIJO DE DESCRIPCIÓN FÍSICA--INFORMACIÓN GENERAL
campo de control de longitud fija t|
008 - DATOS DE LONGITUD FIJA--INFORMACIÓN GENERAL
campo de control de longitud fija 940301s1889 sp b |||| | spa d
100 1# - ENTRADA PRINCIPAL--NOMBRE DE PERSONA
Nombre de persona García, Juan Catalina,
Fechas asociadas al nombre 1845-1911
9 (RLIN) 54060
245 10 - MENCIÓN DEL TÍTULO
Título Ensayo de una tipografía complutense /
Mención de responsabilidad, etc. por Juan Catalina García.
260 ## - PUBLICACIÓN, DISTRIBUCIÓN, ETC.
Lugar de publicación, distribución, etc. Madrid :
Nombre del editor, distribuidor, etc. [s.n.],
Fecha de publicación, distribución, etc. 1889 (
Fabricante Imp. y Fundición de Manuel Tello)
300 ## - DESCRIPCIÓN FÍSICA
Extensión XII, 673 p. ;
Dimensiones 28 cm.
530 ## - NOTA DISPONIBLE DE FORMULARIO FÍSICO ADICIONAL
Nota de formato físico adicional disponible Disponible en formato digital.
586 ## - NOTA DE PREMIOS
Nota de premios Obra premiada por la Biblioteca Nacional en el concurso público de 1887
597 ## - NOTA DE DESCRIPCIÓN FÍSICA
NOTA DE DESCRIPCIÓN FÍSICA Texto a dos columnas.
650 #4 - PUNTO DE ACCESO ADICIONAL DE MATERIA--TÉRMINO DE MATERIA
Término de materia o nombre geográfico como elemento de entrada Libros antiguos-
Subdivisión geográfica Alcalá de Henares-
Subdivisión de forma Bibliografías.
9 (RLIN) 165851
650 #4 - PUNTO DE ACCESO ADICIONAL DE MATERIA--TÉRMINO DE MATERIA
Término de materia o nombre geográfico como elemento de entrada Imprenta-
Subdivisión geográfica Alcalá de Henares-
Subdivisión de forma Historia.
9 (RLIN) 145114
650 #4 - PUNTO DE ACCESO ADICIONAL DE MATERIA--TÉRMINO DE MATERIA
Término de materia o nombre geográfico como elemento de entrada Bibliografías alcalaínas.
9 (RLIN) 145113
852 ## - LOCALIZACIÓN
Ubicación ES-MaACL
Número de control de estantería B-2957
856 ## - LOCALIZACIÓN Y ACCESO ELECTRÓNICOS
Identificador Uniforme de Recursos <a href="http://bibliotecavirtualmadrid.org/bvmadrid_publicacion/i18n/consulta/registro.do?id=1708">http://bibliotecavirtualmadrid.org/bvmadrid_publicacion/i18n/consulta/registro.do?id=1708</a>
Nota pública Biblioteca Digital de la Comunidad de Madrid
Holdings
Estatus retirado Estado de pérdida Estado de daño No para préstamo Colección Biblioteca de origen Biblioteca actual Ubicación en estantería Fecha de adquisición Fuente de adquisición Total de préstamos Signatura topográfica completa Código de barras Visto por última vez Precio de reemplazo Tipo de ítem Koha
        Colección digital Biblioteca del Ateneo de Madrid Biblioteca del Ateneo de Madrid Sala Pardo Bazán 17/01/2008     B-2957 1057717 23/02/2023 23/02/2023 Libro impreso antiguo